Portál študijných materiálov

Salvato in:
Dettagli Bibliografici
Autore principale: Honcharenko, Daniil (Autore)
Altri autori: Vargic, Radoslav (Relatore della tesi)
Natura: Manoscritto Libro
Lingua:slovacco
Pubblicazione: Bratislava : STU v Bratislave FEI, 2025
Soggetti:
Accesso online:https://opac.crzp.sk/?fn=detailBiblioFormChildE173LFT&sid=BA75C2D62745AD5727EE949ED92F&seo=CRZP-detail-kniha
Tags: Aggiungi Tag
Nessun Tag, puoi essere il primo ad aggiungerne!!

MARC

LEADER 00000ntm a22000003a 4500
001 stuzp102070
003 SK-STU
005 20260204140545.5
007 ta
008 150427s2015----xo-----f-mn---000-0-slo-d
040 |a STU  |b slo 
041 0 |a slo 
044 |a xo 
100 1 |a Honcharenko, Daniil  |u 037000  |4 aut  |U FEI Fakulta elektrotechniky a informatiky  |T FEI Ústav multimediálnych informačných a komunikačných technológií  |X 123611  |U E070  |Y 818  |7 123611 
242 0 1 |a Portal for study materials  |y eng 
245 1 0 |a Portál študijných materiálov 
260 |a Bratislava :  |b STU v Bratislave FEI,  |c 2025 
300 |a 44 s. 
650 4 |a Portál študijných materiálov  |2 slo 
650 4 |a Java  |2 slo 
650 4 |a Správa súborov  |2 slo 
650 4 |a Spring Boot  |2 slo 
650 4 |a Online prehliadanie dokumentov  |2 slo 
650 4 |a Používateľské roly  |2 slo 
650 4 |a Webová aplikácia  |2 slo 
650 4 |a Study Materials Portal  |2 eng 
650 4 |a Spring Boot  |2 eng 
650 4 |a Java  |2 eng 
650 4 |a File Management  |2 eng 
650 4 |a Web Application  |2 eng 
650 4 |a User Roles  |2 eng 
650 4 |a Online Document Preview  |2 eng 
700 1 |a Vargic, Radoslav  |u 037000  |k Z1  |4 ths  |U FEI Fakulta elektrotechniky a informatiky  |T FEI Ústav multimediálnych informačných a komunikačných technológií  |X 1918  |U E070  |Y 818  |7 A000001918 
856 4 |u https://opac.crzp.sk/?fn=detailBiblioFormChildE173LFT&sid=BA75C2D62745AD5727EE949ED92F&seo=CRZP-detail-kniha